| 000 | 00800nam a2200289 a 4500 | ||
|---|---|---|---|
| 001 | 000115840 | ||
| 003 | CHAP | ||
| 005 | 20220329144551.0 | ||
| 008 | 190715s2003 sp |r| ||||f|spa d | ||
| 010 | _a112301 | ||
| 011 | _a113273 | ||
| 020 | _a8466610685 | ||
| 040 | _cCHAP | ||
| 082 | 0 | 4 |
_a813.54 _bK19 |
| 100 | 1 |
_aKatzenbach, John. _9136477 |
|
| 245 | 1 | 3 |
_aEl Psicoanalista / _cpor John Katzenbach. |
| 260 |
_aBarcelona : _bEdiciones B., _c2003. |
||
| 300 | _a457 p. | ||
| 534 |
_pTít. original : _tThe Analyst |
||
| 590 |
_aBATCH-UPD _b05 _c20190715 _lUCH01 _h1215 |
||
| 590 |
_aE5765TAJ _b05 _c20190715 _lUCH01 _h1214 |
||
| 650 | 1 | 4 |
_aLiteratura estadounidense _ySiglo XX. _9134194 |
| 650 | 1 | 4 |
_aNovela estadounidense _ySiglo XX. _9134193 |
| 901 | _aBK | ||
| 942 | _cLIBRO | ||
| 942 | _n0 | ||
| 999 |
_c112301 _d112301 |
||